You Mean FRIEND: A Synonyms Quiz - Statistics

General Stats
  • This quiz has been taken 73 times
  • The average score is 4 of 34
Answer Stats
AKA FRIEND % Correct
Pal
80%
Buddy
76%
Mate
68%
Chum
42%
Amigo
32%
Comrade
23%
Confidant(e)
15%
Compadre
11%
Supporter
5%
Advocate
3%
Crony
3%
Intimate
3%
Champion
2%
Familiar
2%
Promoter
2%
Advocator
0%
Alter Ego
0%
Apostle
0%
Backer
0%
Booster
0%
Espouser
0%
Exponent
0%
Expounder
0%
Gospeler
0%
Herald
0%
Hierophant
0%
High Priest
0%
Musketeer
0%
Paladin
0%
Proponent
0%
Protagonist
0%
True Believer
0%
Tub-Thumper
0%
White Knight
0%
No matching quizzes found
Score Distribution
Percent of People with Each Score
Percentile by Number Answered
Your Score History
You have not taken this quiz